00599nam a2200157Ia 4500008004000000082001800040100001700058245008800075260004200163300001300205650002900218690002200247906001100269999001700280952014400297210210b1976 xxu||||| |||| 00| 0 eng d a324.2954 MISI aMISRA (B B). aIndian political parties: an historical analysis of political behaviour up to 1947. aBombaybOxford University Pressc1976 aviii,665 aIndian political parties aPolitical Process a039129 c88942d88942 001040708Political ScienceaALbALcPolitical Scienced2021-02-17g180.00l0o324.2954 MISIp039129r2021-02-17 00:00:00w2021-02-17yBK